00926nam a2200241 i 450000100060000000300090000600500170001500700030003200800410003502000180007608000280009410000410012224502120016326000570037530000300043249000450046265000220050770000350052970000240056470000340058883000420062285200200066447505ES-MaACL20250820142553.0t|030429s2002 sp ||||1| spa d a84-7914-532-3 a2(081) Agustín, Santo0 aAgustín cSanto, Obispo de Hipona.10aObras completas de San Agustín. nXLI, pEscritos atribuidos /cintroducciones, versión, notas e índices de Teodoro C. Madrid ; con la colaboración de Niceto Blázquez y Marcos Martínez Manzanedo. aMadrid : bBiblioteca de Autores Cristianos, c2002. aXXXVII, 944 p. ; c20 cm.1 aBiblioteca de autores cristianos ; v62107aTeología2embne1 aCalvo Madrid, Teodoro, d1929-1 aBlázquez, Niceto.1 aMartínez Manzanedo, Marcos.00aBiblioteca de autores cristianosv621 aES-MaACLjJ-608